[Event "Bohumin op 5th"]
[Site "Bohumin"]
[Date "2022.07.08"]
[Round "7"]
[White "Oborny, Stanislav"]
[Black "Fialka, Adam"]
[Result "1-0"]
[WhiteElo "1896"]
[BlackElo "1847"]
[PlyCount "93"]
[EventDate "2022.07.02"]
[EventType "swiss"]
[EventRounds "9"]
[EventCountry "CZE"]
[SourceTitle "CBM 209 Extra"]
[Source "ChessBase"]
[SourceDate "2022.09.30"]
[SourceVersion "1"]
[SourceVersionDate "2022.09.30"]
[SourceQuality "1"]

1. e4 c5 2. Nf3 e6 3. g3 d5 4. exd5 exd5 5. Bg2 Nf6 6. 0-0 Be7 7. d4 0-0 8. Nc3 Bg4 9. dxc5 Bxc5 10. Bg5 Nc6 11. Bxf6 Qxf6 12. Qxd5 Bb4 13. Qg5 Bxc3 14. bxc3 Bxf3 15. Qxf6 gxf6 16. Bxf3 Rac8 17. Rfd1 b6 18. Rd6 Ne5 19. Rxf6 Rxc3 20. Be4 Kg7 21. Rf5 f6 22. Rd1 Ra3 23. f4 Ng6 24. Rd7+ Rf7 25. Rxf7+ Kxf7 26. Bd5+ Kg7 27. Bb3 Ne7 28. Rb5 Nc6 29. Rd5 Nb4 30. Rd1 Ra5 31. a4 Kg6 32. Rd7 Rc5 33. Rxa7 Nxc2 34. Rb7 Nd4 35. Rxb6 Rc3 36. Bd5 Kf5 37. Kg2 Kg4 38. Rb2 Ra3 39. Ra2 Rxa2+ 40. Bxa2 h6 41. a5 Kf5 42. a6 Nb5 43. Bc4 Na7 44. Bd5 Kg4 45. Be6+ Kh5 46. Kf3 Nb5 47. Bf7# 1-0

[Event "Bohumin op 5th"]
[Site "Bohumin"]
[Date "2022.07.06"]
[Round "5"]
[White "Oborny, Stanislav"]
[Black "Dobrovolsky, Ladislav"]
[Result "1/2-1/2"]
[WhiteElo "1896"]
[BlackElo "2228"]
[PlyCount "110"]
[EventDate "2022.07.02"]
[EventType "swiss"]
[EventRounds "9"]
[EventCountry "CZE"]
[SourceTitle "CBM 209 Extra"]
[Source "ChessBase"]
[SourceDate "2022.09.30"]
[SourceVersion "1"]
[SourceVersionDate "2022.09.30"]
[SourceQuality "1"]

1. e4 c5 2. Nf3 Nc6 3. Bb5 g6 4. Bxc6 dxc6 5. 0-0 Bg7 6. d3 Nf6 7. c3 0-0 8. h3 Qc7 9. Nbd2 Rd8 10. Qe2 Nh5 11. Nb3 b6 12. e5 Bh8 13. d4 cxd4 14. Nbxd4 Ng7 15. Re1 c5 16. Qc4 Bb7 17. Nb5 Qc6 18. Na3 Ne6 19. Nc2 Bg7 20. Ne3 Qe4 21. Qxe4 Bxe4 22. Nd2 Bd3 23. Nf3 Be4 24. Nd2 Bb7 25. Ndc4 Nf4 26. Rf1 b5 27. Na5 Rab8 28. Nxb7 Rxb7 29. Re1 Bxe5 30. Ng4 Bb8 31. Bxf4 Bxf4 32. Ne5 Rd2 33. a4 Bxe5 34. Rxe5 bxa4 35. Rxa4 Rbxb2 36. Rf4 Rb7 37. Rxc5 Ra2 38. Rc8+ Kg7 39. c4 Rb1+ 40. Kh2 Rbb2 41. Kg3 Ra3+ 42. Kh2 Ra4 43. Rc7 Re2 44. Kg3 a5 45. Rf3 Raa2 46. Ra7 f5 47. c5 Kf6 48. c6 Rec2 49. c7 Ra4 50. Rd3 Rac4 51. Rd7 R4c3+ 52. f3 Re2 53. Rd8 Rec2 54. Rd7 g5 55. Rxe7 f4+ 1/2-1/2

[Event "Bohumin op 5th"]
[Site "Bohumin"]
[Date "2022.07.04"]
[Round "3"]
[White "Ivanov, Mikhail M"]
[Black "Oborny, Stanislav"]
[Result "1-0"]
[WhiteElo "2331"]
[BlackElo "1896"]
[PlyCount "55"]
[EventDate "2022.07.02"]
[EventType "swiss"]
[EventRounds "9"]
[EventCountry "CZE"]
[SourceTitle "CBM 209 Extra"]
[Source "ChessBase"]
[SourceDate "2022.09.30"]
[SourceVersion "1"]
[SourceVersionDate "2022.09.30"]
[SourceQuality "1"]

1. d4 Nf6 2. Nf3 e6 3. Bg5 d5 4. e3 Be7 5. Nbd2 0-0 6. Bd3 Nbd7 7. 0-0 Re8 8. Qe2 b6 9. a4 a5 10. Bb5 Rf8 11. c3 Bb7 12. Rfd1 Ne4 13. Bxe7 Qxe7 14. Nxe4 dxe4 15. Ne1 Nf6 16. Bc4 Rfd8 17. Bb3 e5 18. Nc2 Nd7 19. Qh5 g6 20. Qh6 exd4 21. exd4 Nf6 22. Ne3 Rd7 23. Qg5 Nd5 24. Qxe7 Nxe7 25. Ng4 Kf8 26. Ne5 Rad8 27. Nxf7 Re8 28. Be6 1-0